00386nam a2200157Ia 45000010006000000050017000060080041000230410008000640820017000721000047000892450039001362600009001753000028001846500008002126540008002201121620260306161930.0260306t1978||||xx |||||||||||||| ||spa|| aESP a985.019bI24 aGrasso, Ibarra Dick Edgar [1914-2000]eAUT 0aLa verdadera historia de los incas c1978 a647 páginas :c18 cm. aGEN aCHU